| 000 | 00529nam a2200181Ia 4500 | ||
|---|---|---|---|
| 999 |
_c10361 _d10361 |
||
| 008 | 200103 1964 s||||xx |||||||||||||| ||und|| | ||
| 082 |
_a670.42 _bCHO |
||
| 100 | _aChoudhury, S. K. Hajra | ||
| 245 | 0 | _aElements of workshop technology | |
| 260 |
_bAsia Publishing House _c1964 _aBombay |
||
| 300 | _axii, 315 p.: ill. | ||
| 504 | _aIncludes index | ||
| 650 | _aMachine-shop practice | ||
| 650 | _aMechanical engineering | ||
| 650 | _aMachine-tools | ||
| 650 | _aWorkshops - Equipment and supplies | ||
| 942 | _cBK | ||